El ser y el tiempo

Furkejuvvon:
Bibliográfalaš dieđut
Váldodahkki: Heidegger, Martin
Materiálatiipa: Girji
Giella:Undetermined
Almmustuhtton: México, Distrito Federal Fondo de Cultura Económica 1980
Fáttát:
Fáddágilkorat: Lasit fáddágilkoriid
Eai fáddágilkorat, Lasit vuosttaš fáddágilkora!

MARC

LEADER 00000nam a2200000Ia 4500
008 170316s9999 xx 000 0 und d
090 |a 100 H-13se 
100 |a Heidegger, Martin 
245 |a El ser y el tiempo 
260 |a México, Distrito Federal 
260 |b Fondo de Cultura Económica 
260 |c 1980 
300 |a 478 páginas 
650 |a FILOSOFÍA 
999 |c 16441  |d 16441 
040 |a cru BVZT 
942 |c 15 D  |h 100 H-13se  |2 z